| 000 | 00930nam a2200217Ia 4500 | ||
|---|---|---|---|
| 003 | OSt | ||
| 005 | 20200728103750.0 | ||
| 008 | 191128s1973 ag fr 000 0 spa d | ||
| 040 |
_aCO-JMCR _cCO-JMCR |
||
| 041 | 0 | _aspa | |
| 082 | 0 | 4 |
_a340.1 / _bG364i _223 |
| 100 | 1 |
_aGioja, Ambrosio, _eautor _97943 |
|
| 245 | 1 | 0 |
_aIdeas para una filosofía del derecho / _cAmbrosio L. Gioja ; compilador Ricardo Entelman |
| 250 | _aPrimera edición | ||
| 260 |
_aBuenos Aires : _bSucesión, _c1973 |
||
| 300 |
_a428 páginas ; _c22 cm. |
||
| 505 | 0 | _aKant y el derecho -- La arquitectónica del conocimiento jurídico -- Algunas ideas para una teoría sobre la "construcción" jurídica -- El tema de la teoría pura del derecho -- El ser del derecho positivo -- Acerca de la problemática de la teoría pura del | |
| 650 | 1 | 4 |
_aDerecho _xinterpretación del derecho _97944 |
| 700 | 1 |
_aEntelman, Ricardo, _ecompilador _97945 |
|
| 942 |
_2ddc _cBK |
||
| 999 |
_c5875 _d5875 |
||